We called it mag-nificent : Dow Chemical and magnesium, 1916-1998 /

Bibliographic Details
Main Author: Brandt, E. N.
Format: eBook
Language:English
Subjects:
Online Access:Connect to the full text of this electronic book

MARC

Tag First Indicator Second Indicator Subfields
LEADER 00000cam a22000004i 4500
001 in00003408213
006 m o d
007 cr |||||||nn|n
008 120906s2013 miu o d eng d
005 20260608210229.7
010 |z  2012028148 
020 |a 9781609173630 
020 |a 1609173635 
020 |z 9781611860757 (cloth : alk. paper) 
020 |z 161186075X 
035 |a (MdBmJHUP)muse9781609173630 
040 |a MdBmJHUP  |c MdBmJHUP  |d UtOrBLW 
043 |a n-us--- 
050 0 0 |a HD9539.M28  |b D683 2013 
082 0 0 |a 338.7/66967230973  |2 23 
100 1 |a Brandt, E. N. 
245 1 0 |a We called it mag-nificent :  |b Dow Chemical and magnesium, 1916-1998 /  |c by E.N. Brandt. 
300 |a 1 online resource (pages cm) 
336 |a text  |b txt  |2 rdacontent 
337 |a computer  |b c  |2 rdamedia 
338 |a online resource  |b cr  |2 rdacarrier 
504 |a Includes bibliographical references and index. 
505 0 |a Star shells -- Dowmetal pistons and the Indy 500 -- Willard and the gondolas -- Dow goes down to the sea -- How to make magnesium out of seawater -- Faced government -- The Hanawalt era -- The hazards of coastal Texas -- Hot stuff -- Mag mountain -- The nineteen seventies -- Havoc in the market place -- A non-event. 
588 |a Description based on print version record. 
500 |a Electronic resource. 
610 2 0 |a Dow Chemical Company  |x History. 
650 0 |a Magnesium industry and trade  |z United States. 
655 7 |a Electronic books.  |2 local 
856 4 0 |u http://proxy.library.tamu.edu/login?url=https://muse.jhu.edu/books/9781609173630/  |z Connect to the full text of this electronic book  |t 0 
999 |a MARS 
999 f f |s 9b4637c6-d831-34f2-88ba-c1154cf843c7  |i 5dd7df68-170c-3314-bc37-1aa600551807  |t 0 
952 f f |a Texas A&M University  |b College Station  |c Electronic Resources  |s www_evans  |d Available Online  |t 0  |e HD9539.M28 D683 2013  |h Library of Congress classification 
998 f f |a HD9539.M28 D683 2013  |t 0  |l Available Online